CBSE Sample Paper and Model Test Papers in "HINDI-A" ,Class-10th,Term-1 (Record no. 11850)

MARC details
000 -LEADER
fixed length control field 00329nam a22001097a 4500
008 - FIXED-LENGTH DATA ELEMENTS--GENERAL INFORMATION
fixed length control field 211026b ||||| |||| 00| 0 eng d
050 ## - LIBRARY OF CONGRESS CALL NUMBER
Classification number 8H0
Item number 1
245 ## - TITLE STATEMENT
Title CBSE Sample Paper and Model Test Papers in "HINDI-A" ,Class-10th,Term-1
260 ## - PUBLICATION, DISTRIBUTION, ETC. (IMPRINT)
Place of publication, distribution, etc. New Delhi
Name of publisher, distributor, etc. Goyal Brothers Prakashan
Date of publication, distribution, etc. September 2021
300 ## - PHYSICAL DESCRIPTION
Extent 1
942 ## - ADDED ENTRY ELEMENTS (KOHA)
Source of classification or shelving scheme Dewey Decimal Classification
Koha item type BOOK
Holdings
Withdrawn status Lost status Source of classification or shelving scheme Damaged status Not for loan Home library Current library Shelving location Date acquired Total Checkouts Full call number Barcode Date last seen Price effective from Koha item type
    Dewey Decimal Classification     Good Samaritan School Library Good Samaritan School Library HINDI 10/26/2021   8H0 GOY17089 10/26/2021 10/26/2021 BOOK

Powered by Koha